000 01080nam a2200229 a 4500
999 _c6367
_d6367
001 6367
003 BD-JhCC
005 20180301191138.0
008 180122s2000 bg |||| ||a| 000 0 ben u
035 _a(BD-JhCC)6367
040 _aBD-JhCC
_dBD-JhCC
041 _aben
082 _a297.1227
_bNAS 2000
100 _aনাসাঈ-আন্, ইমাম আবু আবদির রহমান আহমদ ইব্ন শোয়াইব
245 _aসনানু নাসাঈ শরীফ (প্রথম খণ্ড) /
_c ইমাম আবু আবদির রহমান আহমদ ইব্ন শোয়াইব নাসাঈ-আন্, মাওলানা রিজাউল করীম ইসলামাবাদী (অনুবাদ)
260 _aঢাকা :
_bইসলামিক ফাউন্ডেশন বাংলাদেশ,
_c2000
300 _a479 p. :
_c24 cm.
650 _aHadith
700 _a করীম, মাওলানা রিজাউল (অনুবাদ)
942 _2ddc
_cBK